|
|
|
|
| LEADER |
00000nam a2200000 a 4500 |
| 001 |
UCS0099 |
| 003 |
CL-VaPUC |
| 008 |
970418e19800000CL |||||||||||||||||spa|d |
| 082 |
0 |
4 |
|a 345.001
|b RIV
|2 21
|
| 100 |
0 |
|
|a Rivacoba y Rivacoba, Manuel de
|e author
|9 383196
|
| 700 |
0 |
|
|a Zaffaroni, Eugenio Raúl
|e author
|9 383197
|
| 245 |
1 |
0 |
|a Siglo y medio de codificación penal en Iberoamérica
|
| 300 |
|
|
|a 116 p
|
| 942 |
|
|
|c BK
|
| 945 |
|
|
|d 19970418 00:00:00
|a cmena
|
| 260 |
|
|
|a Valparaíso
|b EDEVAL
|c 1980
|
| 650 |
|
0 |
|a Código penal
|9 255935
|
| 650 |
|
7 |
|a DERECHO PENAL
|2 CL-VaPUC
|9 11
|
| 650 |
|
0 |
|a Historia del derecho
|9 255109
|
| 650 |
|
0 |
|a Delitos
|9 224143
|
| 650 |
|
0 |
|a Derecho comparado
|9 255664
|
| 651 |
|
0 |
|a Brasil
|9 267393
|
| 651 |
|
7 |
|a CUBA
|2 CL-VaPUC
|9 255263
|
| 651 |
|
0 |
|a Colombia
|9 256424
|
| 583 |
|
|
|a last modification
|c 19970418 00:00:00
|k Rodrigo Vera
|
| 490 |
0 |
|
|a Temas, 5
|
| 999 |
|
|
|c 258350
|d 258348
|
| 952 |
|
|
|0 0
|1 0
|4 0
|6 345_001000000000000_RIV_1980
|7 0
|8 A
|9 282380
|a BIBDER
|b BIBDER
|d 2019-11-19
|i 182774K
|o 345.001 RIV 1980
|p 182774K
|r 2023-01-25
|w 2019-11-19
|y BK
|k DER
|
| 952 |
|
|
|0 0
|1 0
|4 0
|6 345_001000000000000_RIV_1980
|7 0
|8 A
|9 282381
|a BIBDER
|b BIBDER
|d 2019-11-19
|i 1827758
|l 1
|o 345.001 RIV 1980
|p 1827758
|r 2024-03-20
|s 2024-03-19
|w 2019-11-19
|y BK
|k DER
|